000 01002cab a2200361 4500
001 ABS58276
008 090401t1998 xxu||||| |||| 00| 0 eng d
035 _a(Sirsi) u84289
041 _aeng
245 _aRegional survey: M25 Herts and Essex
260 _c1998
350 _a0
490 _aProperty Week
_v61(5) 6 February 1998, 40-62(9)
650 _aBASILDON
650 _aBRAINTREE
650 _aCHELMSFORD
650 _aCOLCHESTER
650 _aESSEX
650 _aHATFIELD
650 _aHERTFORDSHIRE
650 _aINDUSTRIAL MARKET
650 _aInfrastructure
_96246
650 _aLAKESIDE
650 _aM25 CORRIDOR
650 _aPROPERTY-COMMERCIAL PROPERTY-OFFICE PROPERTY-OFFICE PROPERTY MARKET
650 _aPROPERTY-COMMERCIAL PROPERTY-RETAIL PROPERTY-RETAIL PROPERTY MARKET
650 _aST ALBANS
650 _aTHURROCK
650 _aWATFORD
690 _aPROPERTY-COMMERCIAL PROPERTY-COMMERCIAL PROPERTY MARKET
942 _n0
948 _c17/02/1998
999 _c52963
_d52963